00597nam a2200205Ia 4500008004000000041000800040082001200048100001900060245004100079260002600120650001500146650001300161650000700174650001400181650000800195690002200203906001100225999001900236952013600255210210b1964 xxu||||| |||| 00| 0 eng d aeng a320/443 aPANIKKAR (K M) aPrinciples and practice of diplomacy abNot Mentionedc1964 aPrinciples apractice aof adiplomacy aand aPolitical Science a003087 c118420d118420 001040748Political ScienceaALbALcPolitical Scienced2021-02-17g0.00l0o320/443p003087r2021-02-17 00:00:00w2021-02-17yBK